Banking
Αποθηκεύτηκε σε:
| Κύριος συγγραφέας: | |
|---|---|
| Μορφή: | Βιβλίο |
| Γλώσσα: | English |
| Δημοσίευση: |
London :
English Universities Press,
1953
|
| Σειρά: | Teach Yourself Books
|
| Θέματα: | |
| Ετικέτες: |
Προσθήκη ετικέτας
Δεν υπάρχουν, Καταχωρήστε ετικέτα πρώτοι!
|
MARC
| LEADER | 00000nam a2200000 i 4500 | ||
|---|---|---|---|
| 001 | 1/69721 | ||
| 008 | 990218s1953 eng d | ||
| 035 | |l 10047911 | ||
| 040 | |a GR-MY-UA |b gre |e aacr | ||
| 041 | 0 | |a eng | |
| 082 | 0 | |a 332.1 | |
| 100 | 1 | |a Parker, J.B. | |
| 245 | 1 | 0 | |a Banking / |c J.B.Parker |
| 260 | |a London : |b English Universities Press, |c 1953 | ||
| 300 | |a xi, 160 p. | ||
| 490 | 1 | |a Teach Yourself Books | |
| 650 | 0 | 0 | |a Banks and banking. |
| 830 | 0 | |a Teach Yourself Books | |
| 852 | |a INST |b CHIOS |e 19990218 |h 332.1 PAR |p 005200014798 |q 005200014798 |t BK |y 0 | ||
| 901 | |a BIBL-1999-1 | ||
| 909 | |a Χ |b 055416 | ||
| 922 | |a 2ΔΩΡ |b 199902 |d ΛΕΜΟΝΙΑ | ||